| 000 | 00651nam a2200253Ia 4500 | ||
|---|---|---|---|
| 008 | 171120s9999 xx 000 0 und d | ||
| 020 | _a9.7806006289e+012 | ||
| 050 | _a31.02 | ||
| 050 | _bT329 2014 | ||
| 100 | _aTerry, Paul | ||
| 245 | _aTop 10 of everything 2015 / | ||
| 245 | _cby Paul Terry. | ||
| 260 | _aLondon : | ||
| 260 | _bOctupus Publishing Group, | ||
| 260 | _c2014 | ||
| 300 | _a320 pages : | ||
| 300 | _bcolor illustrations ; | ||
| 300 | _c24cm. | ||
| 500 | _aIncludes index. | ||
| 650 | _aCuriosities and wonders. | ||
| 650 | _aHandbooks, etc. | ||
| 700 | _aTitle : Top ten of everything 2015. | ||
| 700 | _aTitle. | ||
| 999 |
_c345217 _d345217 |
||